Principles of victory. (Record no. 5735)

000 -LEADER
fixed length control field 00732nam a2200217 a 4500
001 - CONTROL NUMBER
control field :::00003477$&:&@@
003 - CONTROL NUMBER IDENTIFIER
control field OkBaRHE
005 - DATE AND TIME OF LATEST TRANSACTION
control field 20100401124816.0
008 - FIXED-LENGTH DATA ELEMENTS--GENERAL INFORMATION
fixed length control field s1981 j 000 0 eng u
020 ## - INTERNATIONAL STANDARD BOOK NUMBER
International Standard Book Number 0871234718 (pbk.)
040 ## - CATALOGING SOURCE
Transcribing agency
100 1# - MAIN ENTRY--PERSONAL NAME
Personal name Finney, Charles Grandison, 1792-1875.
245 10 - TITLE STATEMENT
Title Principles of victory.
260 ## - PUBLICATION, DISTRIBUTION, ETC. (IMPRINT)
Place of publication, distribution, etc Minneapolis, MN., :
Name of publisher, distributor, etc Bethany House Publishers
Date of publication, distribution, etc 1981
300 ## - PHYSICAL DESCRIPTION
Extent 201 p. : illus. ;
Dimensions 21 cm.
650 ## - SUBJECT ADDED ENTRY--TOPICAL TERM
Topical term or geographic name as entry element Bible New Testament Romans
General subdivision Sermons
650 ## - SUBJECT ADDED ENTRY--TOPICAL TERM
Topical term or geographic name as entry element Sermons, American
700 ## - ADDED ENTRY--PERSONAL NAME
Personal name Parkhurst, Louis Gifford, 1946- , Comp. and ed.
942 ## - ADDED ENTRY ELEMENTS (KOHA)
Source of classification or shelving scheme
Koha item type Books
Copies
Source of classification or shelving scheme Permanent Location Price effective from Damaged status Barcode Date acquired Not for loan Copy number Date last seen Full call number Lost status Koha item type Shelving location Withdrawn status
 RHEMA Bible Training College2010-04-14 34772010-04-14 12018-03-28BS 2665.4 .F56 1981 BooksGeneral Stacks